00445cam a2200169ua 450000100040000000500170000400800390002104000090006008200170006924500480008625000090013426000420014330000170018565300230020265300300022570000200025590820260515113237.0110423n ii |||gr||||Z||||||eng cMAIN a320.954029711 aMuslim politics in India.cBy Hamid Dalwai. a1st. aBombay:bNachiketa publications.,969. a110 p.:6 cm. aPolitical science. aMuslim politics in India.1 aDalwai, Hamid.,